[Event "Politiken Cup 14th"]
[Site "Copenhagen"]
[Date "1992.06.23"]
[Round "2"]
[White "Emms, John M"]
[Black "Stokstad, Petter Glenne"]
[Result "1-0"]
[WhiteElo "2430"]
[BlackElo "2205"]
[PlyCount "73"]
[EventDate "1992.06.22"]
[EventType "swiss"]
[EventRounds "10"]
[EventCountry "DEN"]
[SourceTitle "EXT 2002"]
[Source "ChessBase"]
[SourceDate "2001.11.25"]
[SourceVersion "1"]
[SourceVersionDate "2001.11.25"]
[SourceQuality "1"]

1. e4 Nc6 2. Nf3 e5 3. Bb5 Nf6 4. 0-0 Be7 5. Re1 d6 6. c3 a6 7. Ba4 b5 8. Bb3 Na5 9. Bc2 c5 10. d3 0-0 11. Nbd2 Nc6 12. Nf1 Nb8 13. Ng3 g6 14. a4 Bb7 15. Bb3 Nbd7 16. h3 Qc7 17. Ba2 Rfe8 18. Nh2 d5 19. Ng4 Nxg4 20. hxg4 c4 21. exd5 Bxd5 22. dxc4 Bxc4 23. Be3 Rad8 24. axb5 axb5 25. Bxc4 Qxc4 26. Qf3 Nc5 27. Bxc5 Qxc5 28. Ne4 Qc6 29. Ra7 Qb6 30. Rea1 b4 31. R1a6 Qb5 32. Nf6+ Bxf6 33. Rxf6 Qd5 34. Rfxf7 Qxf3 35. Rg7+ Kf8 36. gxf3 bxc3 37. Raf7# 1-0

[Event "Politiken Cup 14th"]
[Site "Copenhagen"]
[Date "1992.06.22"]
[Round "1"]
[White "Stokstad, Petter Glenne"]
[Black "Sahl, Bjarke"]
[Result "1-0"]
[WhiteElo "2205"]
[BlackElo "2375"]
[PlyCount "115"]
[EventDate "1992.06.22"]
[EventType "swiss"]
[EventRounds "10"]
[EventCountry "DEN"]
[SourceTitle "EXT 2002"]
[Source "ChessBase"]
[SourceDate "2001.11.25"]
[SourceVersion "1"]
[SourceVersionDate "2001.11.25"]
[SourceQuality "1"]

1. d4 d5 2. c4 c6 3. cxd5 cxd5 4. Nf3 Nf6 5. Nc3 e6 6. Bf4 Bd7 7. e3 Ne4 8. Nxe4 dxe4 9. Nd2 Bc6 10. Be2 Bb4 11. 0-0 0-0 12. Qc2 Bxd2 13. Qxd2 Nd7 14. f3 Re8 15. Rfd1 Qb6 16. Bg3 h6 17. Rac1 Rac8 18. Kh1 Nf6 19. Bh4 Nh7 20. b3 Nf8 21. fxe4 Bxe4 22. Bd3 Bxd3 23. Qxd3 Ng6 24. Bg3 h5 25. e4 h4 26. Be1 Qd6 27. Bf2 Qf4 28. Qe3 Qg4 29. Qf3 Qg5 30. Qe3 Qa5 31. a4 Rcd8 32. Rd3 f5 33. Rc5 Qa6 34. Rd1 Qd6 35. Rdc1 Qf4 36. Rc7 Qxe4 37. Qxe4 fxe4 38. Rxb7 Rc8 39. Rbc7 Rxc7 40. Rxc7 Rf8 41. Kg1 Nf4 42. Rc2 h3 43. d5 exd5 44. Bxa7 Nxg2 45. a5 d4 46. Bxd4 Ne1 47. Bc5 Rc8 48. Rc3 Nf3+ 49. Kf2 Nxh2 50. Kg3 Nf3 51. Kxh3 Kf7 52. b4 Ke6 53. a6 Ne5 54. a7 Nc6 55. Ra3 Ra8 56. b5 Nd8 57. Be3 Kd5 58. Rc3 1-0